ភាពជាអ្នកដឹកនាំ (Record no. 9822)
[ view plain ]
| 000 -LEADER | |
|---|---|
| fixed length control field | 00250nam a22001097a 4500 |
| 040 ## - CATALOGING SOURCE | |
| Transcribing agency | SK |
| 082 ## - DEWEY DECIMAL CLASSIFICATION NUMBER | |
| Classification number | 303 |
| 100 ## - MAIN ENTRY--AUTHOR NAME | |
| Personal name | វុន វ៉ារី |
| 245 ## - TITLE STATEMENT | |
| Title | ភាពជាអ្នកដឹកនាំ |
| 260 ## - PUBLICATION, DISTRIBUTION, ETC. (IMPRINT) | |
| Place of publication | RUA |
| Name of publisher | វុន |
| Year of publication | NA |
| 942 ## - ADDED ENTRY ELEMENTS (KOHA) | |
| Koha item type | សៀវភៅភាសាខ្មែរ |
| 952 ## - LOCATION AND ITEM INFORMATION (KOHA) | |
| Withdrawn status [LOCAL, KOHA] | 0 |
| Permanent Location | Date acquired | Koha item type | Lost status | Shelving location | Barcode | Current Location | Full call number |
|---|---|---|---|---|---|---|---|
| Library Block C | 2016-09-14 | សៀវភៅភាសាខ្មែរ | C189 | RUA44101 | Library Block C | 303 វុន NA C189 |